| 000 | 00991nam0a22002531 4500 | ||
|---|---|---|---|
| 001 | rc\1109521 | ||
| 005 | 20250622181704.0 | ||
| 035 | _a(NLR Aleph) 006353972 | ||
| 090 |
_a4831300 _c4831300 |
||
| 100 | _a20041126d1982 |||y0rusy50 ca | ||
| 101 | 0 | _arus | |
| 102 | _aRU | ||
| 105 | _aa ||||||||| | ||
| 200 | 1 | _aМаршрутизация перевозок грузов за рубежом | |
| 210 |
_aМ. _cНаука _d1982 |
||
| 215 |
_a293 с. _cил. _d22 |
||
| 300 | _aВ надзаг.: АН СССР, Гос. ком. СССР по науке и технике, М-во приборостроения, средств автоматизации и систем управления СССР, Ин-т пробл. управления, ВИНИТИ | ||
| 320 | _aБиблиогр.: с. 288-291 | ||
| 700 | 1 |
_aОсипов _bВ.Т. _gВасилий Тимофеевич |
|
| 801 | 0 |
_aRU _bNLR _gpsbo |
|
| 801 | 1 |
_aRU _bELAR _2rusmarc |
|
| 852 |
_aNLR _j83-5/1515 |
||
| 942 | _cBOOK | ||
| 980 | _aNB | ||